| 000 | 00475nab a2200145Ia 4500 | ||
|---|---|---|---|
| 003 | ES-SlBCS | ||
| 005 | 20210601132418.0 | ||
| 008 | 140529s1961 xxu||||| |||| 00| 0 ita d | ||
| 041 | _aita | ||
| 100 | 1 |
_aMessineo, Antonio _9194612 |
|
| 245 | 0 | 0 |
_aI principi generali del diritto e l'ordine naturale di Giustizia _c Antonio Messineo |
| 650 | 0 | 4 |
_aDerechos Naturales _9135495 |
| 773 | 0 |
_tCivilta Cattolica, la _gvol. 112-III, nº. 2665, 1961, págs. 19-30 _wRev122 |
|
| 942 | _cAR | ||
| 999 |
_c579424 _d579424 |
||